000 00460nam a2200157Ia 4500
020 _a0160488362(pbk)
082 _a317.3
_bSTA
_cL-31,P-28
245 _aStatistical abstract of the United States 1946
250 _a67 th number.
260 _aWashington
_bBureau of the Census
_c1946
300 _a139p
526 _a0
_b0
_c0
_d317_300000000000000_STA
650 _aMCE
_9379
650 _aUnited States -- Statistics -- Periodicals
_937627
942 _2ddc
_cBK
999 _c542448
_d542448